কর্ণেল (অবঃ) অলি আহমদ বীর বিক্রম : (Record no. 99640)
[ view plain ]
| 000 -LEADER | |
|---|---|
| fixed length control field | 00786nam a22001817a 4500 |
| 003 - CONTROL NUMBER IDENTIFIER | |
| control field | BD-DhUL |
| 005 - DATE AND TIME OF LATEST TRANSACTION | |
| control field | 20160818180121.0 |
| 008 - FIXED-LENGTH DATA ELEMENTS--GENERAL INFORMATION | |
| fixed length control field | 160417s1997 bg a|||| |||| 000 0 ben |
| 040 ## - CATALOGING SOURCE | |
| Original cataloging agency | BD-DhUL |
| Transcribing agency | BD-DhUL |
| 082 ## - DEWEY DECIMAL CLASSIFICATION NUMBER | |
| Classification number | 320.092 |
| Item number | ALC |
| 100 1# - MAIN ENTRY--PERSONAL NAME | |
| Personal name | আলম, শাহ্ মুহম্মদ খুরশীদ |
| 245 10 - TITLE STATEMENT | |
| Title | কর্ণেল (অবঃ) অলি আহমদ বীর বিক্রম : |
| Statement of responsibility, etc. | আলম, শাহ্ মুহম্মদ খুরশীদ |
| Remainder of title | জীবনের শেষ নেই / |
| 260 ## - PUBLICATION, DISTRIBUTION, ETC. (IMPRINT) | |
| Place of publication, distribution, etc. | ঢাকা : |
| Name of publisher, distributor, etc. | বাংলাদেশ বইঘর, |
| Date of publication, distribution, etc. | ১৯৯৭। |
| 300 ## - PHYSICAL DESCRIPTION | |
| Extent | ৩২৩ পৃ. : |
| Other physical details | চিত্র ; |
| Dimensions | ২০ সেমি. |
| 365 ## - TRADE PRICE | |
| Price type code | BDT |
| Price amount | 135.0 |
| 600 #0 - SUBJECT ADDED ENTRY--PERSONAL NAME | |
| Personal name | আহমদ, অলি - জীবনী |
| 942 ## - ADDED ENTRY ELEMENTS (KOHA) | |
| Source of classification or shelving scheme | |
| Koha item type | Books |
| Price effective from | Date last seen | Permanent Location | Not for loan | Date acquired | Source of classification or shelving scheme | Koha item type | Lost status | Withdrawn status | Copy number | Source of acquisition | Collection code | Damaged status | Shelving location | Barcode | Current Location | Full call number |
|---|---|---|---|---|---|---|---|---|---|---|---|---|---|---|---|---|
| 2016-08-18 | 2016-08-18 | Dhaka University Library | 2016-08-18 | Books | 1 | Gift | Non Fiction | General Stacks | 402791 | Dhaka University Library | 320.092 ALC | |||||
| 2016-08-18 | 2016-08-18 | Dhaka University Library | 2016-08-18 | Books | 2 | Gift | Non Fiction | General Stacks | 402792 | Dhaka University Library | 320.092 ALC | |||||
| 2016-08-21 | 2016-08-21 | Dhaka University Library | 2016-08-21 | Books | 3 | Purchased | Non Fiction | General Stacks | 402793 | Dhaka University Library | 320.092 ALC |
